000 00737nam a2200205Ii 4500
003 JO-AjNU
008 230605s9999||||xx |||||||||||||| ||und||
040 _aJO-AjNU
_bara
_erda
_cJO-AjNU
041 _aara
050 1 4 _aBF128.A7.Z844.2004
100 3 _aالزغول،عماد عبد الحليم ، الهنداوي،علي فالح ،ابو هلال،ماهر ، المغيربي،فدوى/مراجعة,
_eauthor
_921778
245 0 0 _aمدخل الى علم النفس
250 _aط2
264 3 1 _aالعين:دار الكتاب الجامعي ،2004
300 _a505ص
336 _atext
_btxt
_2rdacontent
337 _aunmediated
_bn
_2rdamedia
338 _avolume
_bnc
_2rdacarrier
650 4 _aعلم النفس
_921779
999 _aA7623
_c11191
_d11191